¡Sí estuvimos! (Record no. 1420)
[ view plain ]
| 000 -LEADER | |
|---|---|
| campo de control de longitud fija | 00357nam a2200109 4500 |
| 008 - DATOS DE LONGITUD FIJA--INFORMACIÓN GENERAL | |
| campo de control de longitud fija | 305.420.972.86 S562s |
| 082 ## - NÚMERO DE LA CLASIFICACIÓN DECIMAL DEWEY | |
| Número de clasificación | 305.420.972.86 |
| Número de ítem | S562s |
| 245 ## - MENCIÓN DEL TÍTULO | |
| Título | ¡Sí estuvimos! |
| Resto del título | Mujeres en la historia |
| 300 ## - DESCRIPCIÓN FÍSICA | |
| Extensión | 7 p. |
| Otras características físicas | 12.5 x 14 cm |
| 650 ## - PUNTO DE ACCESO ADICIONAL DE MATERIA--TÉRMINO DE MATERIA | |
| Subdivisión general | Mujeres |
| -- | Costa Rica |
| -- | siglo XX |
| -- | historia |
| -- | biografías |
| -- | INAMU |
| 9 (RLIN) | 6228 |
| 710 ## - ENTRADA AGREGADA--NOMBRE DE ENTIDAD CORPORATIVA | |
| Nombre de entidad corporativa o nombre de jurisdicción como elemento de entrada | Instituto Nacional de la Mujer |
| 9 (RLIN) | 6229 |
| Estatus retirado | Estado de pérdida | Fuente del sistema de clasificación o colocación | Estado de daño | No para préstamo | Biblioteca de origen | Biblioteca actual | Ubicación en estantería | Fecha de adquisición | Total de préstamos | Signatura topográfica completa | Visto por última vez | Precio de reemplazo | Tipo de ítem Koha |
|---|---|---|---|---|---|---|---|---|---|---|---|---|---|
| Clasificación Decimal Dewey | Biblioteca LadoV | Biblioteca LadoV | 14/04/2018 | 305.420.972.86 S562s | 14/04/2018 | 14/04/2018 | Material 01 |
